00330nam a22001457a 450000500170000000800410001702000220005804100080008008200110008810000160009924500260011526000150014130000080015665000200016420260407165958.0160627b xxu||||| |||| 00| 0 eng d a978-0-330-48205-9 aeng a813.54 aCabot, Meg. aThe Princess Diaries  bMac Millan a230 aenglish fiction